|
|
|
|
| LEADER |
00000nbm0a2200000 4500 |
| 001 |
214597 |
| 005 |
20240117132919.0 |
| 035 |
|
|
|a (RuTPU)RU\TPU\book\234471
|
| 035 |
|
|
|a RU\TPU\book\234469
|
| 090 |
|
|
|a 214597
|
| 100 |
|
|
|a 20120426j20120411k y0rusy50 ca
|
| 101 |
0 |
|
|a rus
|
| 102 |
|
|
|a RU
|
| 105 |
|
|
|a a m 001zy
|
| 200 |
1 |
|
|a Влияние окисления металлических радиотехнических материалов на характеристики надежности радиоэлектронного оборудования
|e диссертация на соискание ученой степени кандидата технических наук
|e спец. 05.09.02
|e спец. 01.04.14
|f А. В. Титов
|g Томский государственный архитектурно-строительный университет (ТГАСУ) ; Национальный исследовательский Томский политехнический университет (ТПУ) ; науч. рук. Г. В. Кузнецов, Г. Я. Мамонтов
|
| 210 |
|
|
|a Томск
|d 2012
|
| 215 |
|
|
|a 127 л.
|c ил.
|
| 300 |
|
|
|a Защищена 11.04.2012 г.
|
| 320 |
|
|
|a Библиогр.: с. 117-127 (94 назв.).
|
| 320 |
|
|
|a Перечень сокращений: с. 2-4.
|
| 606 |
1 |
|
|a Радиоэлектронная аппаратура
|x Надежность
|x Прогнозирование
|2 stltpush
|3 (RuTPU)RU\TPU\subj\23481
|9 48071
|
| 606 |
1 |
|
|a Металлы
|x Окисление высокотемпературное
|2 stltpush
|3 (RuTPU)RU\TPU\subj\43265
|
| 610 |
1 |
|
|a радиоэлектронное оборудование
|
| 610 |
1 |
|
|a электронная техника
|
| 610 |
1 |
|
|a длительная эксплуатация
|
| 610 |
1 |
|
|a надежные системы
|
| 610 |
1 |
|
|a математическое моделирование
|
| 610 |
1 |
|
|a физическое моделирование
|
| 610 |
1 |
|
|a радиотехнические материалы
|
| 610 |
1 |
|
|a тестирование
|
| 610 |
1 |
|
|a токоведующие части
|
| 610 |
1 |
|
|a диссертации
|
| 610 |
1 |
|
|a труды учёных ТПУ
|
| 675 |
|
|
|a 621.396.6.019.3(04)
|v 3
|
| 675 |
|
|
|a 669:620.193(04)
|v 3
|
| 686 |
|
|
|a 05.09.02
|2 oksvnk
|
| 686 |
|
|
|a 01.04.14
|2 oksvnk
|
| 700 |
|
1 |
|a Титов
|b А. В.
|c специалист в области теплоэнергетики
|c инженер Томского политехнического университета
|f 1982-
|g Александр Валерьевич
|3 (RuTPU)RU\TPU\pers\29343
|
| 702 |
|
1 |
|a Кузнецов
|b Г. В.
|c специалист в области теплоэнергетики
|c профессор Томского политехнического университета, доктор физико-математических наук
|f 1949-
|g Гений Владимирович
|3 (RuTPU)RU\TPU\pers\25528
|4 727
|9 11458
|
| 702 |
|
1 |
|a Мамонтов
|b Г. Я.
|c математик
|c профессор Томского политехнического университета, доктор физико-математических наук
|f 1945-
|g Геннадий Яковлевич
|3 (RuTPU)RU\TPU\pers\35352
|4 727
|
| 712 |
0 |
2 |
|a Томский государственный архитектурно-строительный университет (ТГАСУ)
|c (1997- )
|3 (RuTPU)RU\TPU\col\3
|
| 712 |
0 |
2 |
|a Национальный исследовательский Томский политехнический университет (ТПУ)
|c (2009- )
|3 (RuTPU)RU\TPU\col\15902
|
| 801 |
|
1 |
|a RU
|b 63413507
|c 20120426
|
| 801 |
|
2 |
|a RU
|b 63413507
|c 20151016
|g RCR
|
| 942 |
|
|
|c BK
|